[Event "GER-ch Youth U16 2020"]
[Site "Willingen"]
[Date "2020.10.21"]
[Round "3.6"]
[White "Simukov, Erik"]
[Black "Deuer, Marius"]
[Result "0-1"]
[WhiteElo "2012"]
[BlackElo "2209"]
[Annotator "TA"]
[PlyCount "72"]
[EventDate "2020.10.20"]
[EventType "swiss"]
[EventRounds "7"]
[EventCountry "GER"]
[SourceTitle "playchess.com"]
[Source "ChessBase"]
[SourceQuality "1"]

{[%evp 25,72,0,0,-5,13,18,31,28,39,27,49,0,0,-35,0,-71,-28,-40,-42,-29,-28,-55,-19,-24,0,-95,-57,-129,-146,-421,-418,-589,-589,-587,-534,-29998,-614,-614,-612,-554,-597,-633,-442,-1349,-1220,-1934,-1703,-12838,-5908]} 1. e4 c5 2. Nf3 Nc6 3. d4 cxd4 4. Nxd4 Nf6 5. Nc3 e5 6. Ndb5 d6 7. Nd5 Nxd5 8. exd5 Nb8 9. a4 Be7 10. Be2 O-O 11. O-O f5 12. a5 a6 13. Nc3 Nd7 14. Bd2 {B33: Sicilian: Pelikan and Sveshnikov Variations.} b5 15. axb6 Qxb6 {[#]} 16. Na4 $146 {White is slightly better.} ({Predecessor:} 16. Ra3 Bf6 17. Be3 Qc7 18. f3 Rb8 19. Qa1 Nc5 20. Bxc5 Qxc5+ 21. Kh1 e4 22. fxe4 {½-½ (71) Popov,V (2234)-Eremin,N (2278) ICCF email 2014}) 16... Qc7 17. b4 e4 18. f4 exf3 19. Rxf3 Ne5 20. Rb3 (20. Rc3 $11 {keeps the balance.} Qb7 21. Rb3) 20... f4 (20... Bf6 $5 {[%cal Re5g4]} 21. Be3 Ng4 $11) 21. Kh1 Bf5 22. c4 Be4 23. Rc1 Rab8 {Strongly threatening ...Qd7.} 24. Nc3 Bg6 25. Na2 (25. b5 $11) 25... Qd7 26. c5 {[#]} (26. Bc3 $15) 26... Be4 $1 $36 {[%mdl 2048] Black is in control.} 27. Be1 $2 {[%mdl 8192] Now White is beyond hope.} (27. Nc3 $17 Bxg2+ {[%mdl 64] Decoy} 28. Kxg2 f3+ 29. Kh1 dxc5 30. Bf1 cxb4 31. Ne4 Qxd5 32. Nf2) 27... dxc5 $19 28. Nc3 {[#]} (28. d6 $142 Qxd6 29. Qxd6 Bxd6 30. Bf3 Nxf3 31. gxf3) 28... Bxg2+ $1 {[%mdl 576] Decoy} 29. Kxg2 f3+ {[%mdl 64] Double Attack} 30. Kh1 {[#]} fxe2 (30... Qh3 $142 $1 {[%mdl 512]} 31. bxc5 Qg2#) 31. Qxe2 {Black is clearly winning.} c4 32. Rbb1 Nd3 33. Rd1 Bd6 {And now ...Rbe8 would win.} 34. Ne4 (34. Qe6+ $142 Qxe6 35. dxe6) 34... Rbe8 35. Qg2 Nf4 36. Qc2 Qg4 {Av CentiPawn Loss W=-191/B=-121. Weighted=-163/-110} 0-1

[Event "GER-ch Youth U16 2020"]
[Site "Willingen"]
[Date "2020.10.21"]
[Round "3.7"]
[White "Skabs, Denis"]
[Black "Hinrichs, Paul"]
[Result "0-1"]
[WhiteElo "1875"]
[BlackElo "2168"]
[Annotator "TA"]
[PlyCount "86"]
[EventDate "2020.10.20"]
[EventType "swiss"]
[EventRounds "7"]
[EventCountry "GER"]
[SourceTitle "playchess.com"]
[Source "ChessBase"]
[SourceQuality "1"]

{[%evp 26,86,-48,-79,-70,-87,-94,-92,-87,-84,-91,-89,-80,-81,-79,-85,-78,-108,35,40,45,34,38,17,61,22,18,0,0,0,0,0,0,0,0,-9,0,-203,-193,-433,-417,-420,-410,-562,-425,-585,-204,-204,-204,-350,-348,-336,-331,-347,-352,-339,-352,-314,-352,-288,-279,-29994,-29995]} 1. e4 e5 2. Nf3 Nc6 3. Bc4 Bc5 4. c3 Nf6 5. d4 exd4 6. cxd4 Bb4+ 7. Nc3 Nxe4 8. O-O Bxc3 9. d5 Bf6 10. Re1 Ne7 11. Rxe4 d6 12. Bg5 Bxg5 13. Nxg5 h6 14. Qe2 hxg5 {C54: Giuoco Piano: 4 c3 Nf6, main lines with 5 d4 and 5 d3.} 15. Re1 {[%cal Re4e7] [#]} Be6 $1 16. h3 (16. dxe6 f6) 16... c6 {Black is better.} ({Avoid the trap} 16... Nxd5 $2 17. Bxd5 Qf6 18. Bxe6 $18) 17. dxe6 {[#]} f6 $1 18. Rg4 d5 19. Bd3 {[#]} Qd6 $146 ({Predecessor:} 19... Qb6 20. b4 O-O-O 21. a4 d4 22. Qd2 Qc7 23. Qb2 Qd6 24. Ree4 Nd5 25. Rxd4 Qxe6 {½-½ (35) Pascoal,J (2149)-Boehnke,H (2287) ICCF email 2016}) 20. b4 O-O-O 21. a4 Rh4 (21... Kb8 $17) 22. Rxh4 $14 gxh4 23. Qg4 $1 g5 24. Qd4 $1 Kb8 25. Qxf6 Qxb4 26. Rb1 Qd6 $1 27. Re1 c5 28. Qxg5 c4 $36 {[%mdl 2048] Black fights for an advantage.} 29. Bb1 d4 {Hoping for ...d3.} 30. Qxh4 a6 31. f4 $2 (31. g3 $11 {and White has nothing to worry.}) 31... d3 $19 32. f5 $2 (32. Qf2) 32... Nxf5 33. Qf2 Ne7 34. Rc1 Qxe6 35. Qf4+ Rd6 $2 (35... Ka8 36. Rd1 Nd5) 36. Rxc4 {Strongly threatening Re4!} Ng6 37. Qg3 (37. Qg4 {was the only chance.} d2 38. Bc2 Qxg4 39. Rxg4) 37... d2 38. Bc2 Ne5 39. Re4 d1=Q+ 40. Bxd1 Rxd1+ 41. Kh2 Rd5 42. Qf4 Qd6 43. Qg3 $2 {[#]} (43. Kg1 $19) 43... Nf3+ $1 {[%mdl 576] Pin. Av CentiPawn Loss W=-70/B=-23. Weighted=-136/-15} 0-1

[Event "GER-ch Youth U16 2020"]
[Site "Willingen"]
[Date "2020.10.21"]
[Round "3.8"]
[White "Zackrisson, Peter"]
[Black "Lohvinov, Petro"]
[Result "0-1"]
[WhiteElo "1947"]
[BlackElo "2152"]
[Annotator "TA"]
[PlyCount "77"]
[EventDate "2020.10.20"]
[EventType "swiss"]
[EventRounds "7"]
[EventCountry "GER"]
[SourceTitle "playchess.com"]
[Source "ChessBase"]
[SourceQuality "1"]

{[%evp 14,77,59,44,54,39,40,35,45,27,56,51,71,48,52,18,37,37,47,0,23,20,35,6,24,0,28,23,16,0,31,15,182,193,250,240,245,254,246,199,259,261,214,244,262,269,232,-684,-271,-332,-355,-318,-304,-29982,-29983,-29994,-29995,-29995,-664,-941,-940,-869,-825,-981,-966,-1952]} 1. e4 c5 2. Nf3 e6 3. d4 cxd4 4. Nxd4 a6 5. Bd3 Bc5 6. Nb3 Be7 7. Qg4 g6 8. Qe2 d6 {B42: Sicilian: Kan Variation: 5 Bd3.} 9. c4 Nd7 10. O-O Qc7 {White is slightly better.} 11. Nc3 b6 12. f4 Bb7 13. Be3 Ngf6 14. a4 {[#]} Nc5 $146 ({Predecessor:} 14... h5 15. h3 h4 16. a5 bxa5 17. Nxa5 Nh5 18. Qf2 Ng3 19. Bd4 Rh5 20. Nxb7 Qxb7 {0-1 (30) Martynyuk,E (2020)-Afanasiev,N (2508) Khanty-Mansiysk 2019}) 15. Nxc5 bxc5 16. Rf2 h5 17. h3 $1 Nd7 18. Rd1 Rg8 19. Qd2 f5 20. Re2 O-O-O 21. Rb1 Nf6 {[%cal Rf5e4]} 22. Qc2 Qc6 $2 (22... Kb8 $11 {and Black is okay.}) 23. b4 $1 $18 fxe4 {[#]} (23... Rd7 $142 24. bxc5 (24. exf5 gxf5 25. Kh2 Bd8 $15) 24... dxc5) 24. Nxe4 $1 {[%mdl 512]} Nxe4 25. b5 axb5 26. axb5 Qb6 (26... Qc7 $142) 27. Bxe4 d5 28. Bxg6 d4 29. Bd2 Rg7 30. Rxe6 $4 {[%mdl 8192]} ({Stronger than} 30. Bxh5 d3 $11) (30. Rb3 $18) 30... d3 $2 (30... Qxe6 31. Bf5 Rxg2+ 32. Kf1 Rg1+ $1 {[%mdl 576] Decoy} 33. Kxg1 Rg8+ 34. Kh2 Rg2+ 35. Kh1 Rxd2+ 36. Kg1 Rxc2 37. Bxe6+ Kb8) 31. Qc3 Qxe6 32. Qxg7 {[#] Hoping for Re1!} Bf6 $1 {[%cal Rf6g7]} 33. Bxh5 $2 (33. Bf7 $19 Qe2 34. Qg3) 33... Bxg7 34. Bg4 {[#]} Qxg4 $1 {[%mdl 64] Promotion} 35. hxg4 Re8 (35... Bd4+ $142 36. Kh2 Bf2 37. Bc3 Rd7 38. Bg7 Rxg7 39. Kh3 Rh7#) 36. Rb3 {Black is clearly winning.} Re2 {[%mdl 64] Double Attack} 37. Rxd3 Be4 38. Rd6 Bd4+ 39. Kf1 {Av CentiPawn Loss W=-120/B=-62. Weighted=-196/-75} 0-1

[Event "GER-ch Youth U16 2020"]
[Site "Willingen"]
[Date "2020.10.21"]
[Round "3.9"]
[White "Nguyen, Alex Dac-Vuong"]
[Black "Reimer, Philip"]
[Result "1/2-1/2"]
[WhiteElo "2343"]
[BlackElo "1984"]
[Annotator "TA"]
[PlyCount "47"]
[EventDate "2020.10.20"]
[EventType "swiss"]
[EventRounds "7"]
[EventCountry "GER"]
[SourceTitle "playchess.com"]
[Source "ChessBase"]
[SourceQuality "1"]

{[%evp 30,47,31,35,39,36,33,-43,-35,-50,0,-19,-12,-10,-2,-66,-59,-69,8,0]} 1. e4 c5 2. Nf3 e6 3. d4 cxd4 4. Nxd4 Nf6 5. Nc3 Nc6 6. Ndb5 d6 7. Bf4 e5 8. Bg5 a6 9. Na3 b5 10. Bxf6 gxf6 11. Nd5 Bg7 12. Bd3 Ne7 13. Nxe7 Qxe7 14. O-O f5 {is cutting edge theory.} 15. Re1 O-O 16. c4 Bb7 {B33: Sicilian: Pelikan and Sveshnikov Variations.} 17. cxb5 fxe4 18. Bxe4 (18. bxa6 $14 exd3 19. axb7 Qxb7 20. Qxd3) 18... d5 $1 $15 {[%cal Rd5e4] [#] Black is slightly better.} 19. Bf5 $146 ({Predecessor:} 19. Bd3 axb5 20. Nxb5 e4 21. Rc1 Qb4 22. Bf1 Rxa2 23. Rc7 Ba8 24. Re3 Qxb2 25. Re2 Ra1 26. Rxb2 Rxd1 27. Ra2 d4 28. f3 e3 {0-1 (27) Flasinski,M (2236)-Lisowski,K (2199) Ustron 2008}) 19... axb5 20. Qh5 {[%csl Gf5][%cal Rh5h7] [#]} h6 21. Nxb5 Ra4 22. Nc3 (22. a3 $11) 22... Rh4 {[%mdl 1024] Black has compensation.} 23. Qd1 Rf4 ({Black should play} 23... e4 $15 24. g3 Qg5 25. Nxd5 Rd8) 24. Bc2 1/2-1/2

[Event "GER-ch Youth U16 2020"]
[Site "Willingen"]
[Date "2020.10.21"]
[Round "3.10"]
[White "Weihrauch, Jakob"]
[Black "Dahl, Christoph"]
[Result "0-1"]
[WhiteElo "2184"]
[BlackElo "2262"]
[Annotator "TA"]
[PlyCount "194"]
[EventDate "2020.10.20"]
[EventType "swiss"]
[EventRounds "7"]
[EventCountry "GER"]
[SourceTitle "playchess.com"]
[Source "ChessBase"]
[SourceQuality "1"]

{[%evp 9,194,14,22,18,17,6,19,11,8,16,28,20,52,59,71,28,71,12,45,0,0,-6,0,-41,-31,-51,-50,-96,-76,-77,-77,-72,0,0,6,3,7,9,6,10,10,0,0,0,0,0,0,0,0,0,0,0,0,-13,0,-33,-28,-54,-50,-48,-15,-32,0,-31,-38,-31,0,0,0,-16,0,0,0,-32,0,-33,-34,-34,0,0,0,-43,-26,-47,-39,-48,-49,-288,-287,-279,-277,-288,-279,-262,-174,-691,-265,-252,-138,-134,0,0,0,0,0,-28000,-28000,-28000,-28000,-28000,-28000,-28000,-28000,-28000,-28000,-28000,-28000,-28000,-28000,-28000,-28000,-28000,-28000,-28000,-28000,-28000,-28000,-28000,-28000,-28000,-28000,-28000,-28000,-28000,-28000,-28000,-28000,-28000,-28000,-28000,-28000,-28000,-28000,-28000,-28000,-28000,-28000,-28000,-28000,-28000,-28000,-28000,-28000,-27982,-27983,-27983,-27984,-27984,-27985,-27985,-27986,-27989,-27990,-27991,-27992,-27992,-27993,-27993,-27994,-27994,-27993,-27993,-27994,-27994,-27991,-27993,-27994,-27994,-27995,-27995,-27996,-27997,-27998,-27998,-27999,-27999,-27999]} 1. e4 c5 2. Nf3 d6 3. Bb5+ Nd7 4. O-O a6 5. Bd3 Ngf6 6. Re1 {B51: Sicilian: Moscow Variation (3 Bb5+) without 3...Bd7.} e6 7. c3 b5 8. Bc2 {The position is equal.} Bb7 9. d4 cxd4 10. cxd4 {[#]} e5 $146 ({Predecessor:} 10... Be7 11. Nbd2 O-O 12. Nf1 Rc8 13. Ng3 Re8 14. h3 Bf8 15. Bd2 Qc7 16. Rc1 Qb8 {1-0 (36) Svidler,P (2740)-Papaioannou,I (2633) Rhodes 2013}) 11. a4 Be7 12. Qe2 Qc7 13. Na3 (13. axb5 $16 {Black should prevent Nc3.} axb5 14. Rxa8+ Bxa8 15. b4) 13... bxa4 14. Nc4 Rc8 15. Rxa4 O-O 16. b3 exd4 $1 17. Nxd4 Nc5 18. Ra5 Bxe4 19. Bxe4 Nfxe4 20. b4 Nb7 ({Better is} 20... d5 $17 {Strongly threatening ...Ne6.} 21. Ne3 Nc3) 21. Qxe4 $11 Nxa5 22. Nxa5 {next Ndc6 is good for White.} d5 $1 {[%cal Rd5e4]} 23. Qb1 Bxb4 24. Qxb4 Qxc1 $1 25. Nf5 Qc3 26. Ne7+ Kh8 27. Nac6 $1 ({Wrong is} 27. Nxd5 $2 Qc5 $19) 27... Qxb4 28. Nxb4 Ra8 29. Nbxd5 a5 {[%cal Ba6a5,Ba5a4,Ba4a3][%mdl 32]} 30. Ra1 a4 31. Nb4 Rfd8 32. Ned5 a3 {[%mdl 1024] Black has compensation.} 33. g3 Ra4 34. Ra2 f5 35. f4 Kg8 36. Kf2 (36. Nc6 $5 {[%cal Rc6d8]} Rd7 37. Nb6 Rd1+ 38. Kf2 $11) 36... Kf7 37. Ke1 Ke6 38. Re2+ Kd6 {[#] Threatens to win with ...Kc5.} 39. Rc2 $1 {[%cal Rc2c6] aiming for Rc6+.} Ke6 (39... Re8+ {is interesting.} 40. Kf2 Ke6 41. Re2+ Kf7 42. Ra2 Rb8) 40. Re2+ Kf7 {...Rxd5! is the strong threat.} 41. Ra2 Rc8 42. Kd2 Rc5 43. Kd1 Ke6 44. Re2+ Kf7 45. Ra2 h6 46. h3 g5 47. fxg5 hxg5 48. Rd2 $2 ({White should play} 48. h4 $1 $15) 48... Rc4 $19 49. Na2 {and if Nb6 works, White does fine.} Rd4 {[#] White must now prevent ...Rxd2+.} 50. Ndc3 Rxd2+ 51. Kxd2 Ra8 52. h4 $2 (52. Nb4) 52... gxh4 $2 (52... Rd8+ 53. Ke2 f4) 53. gxh4 Rh8 (53... Kg6 $19 54. Nb4 Kh5) 54. Nb4 Rxh4 (54... Rb8 $17 55. Nd3 Kg6) 55. Nc2 $11 Rh2+ 56. Kd3 Kg6 $2 {[%mdl 8192]} (56... Rh3+ $11 57. Kd4 f4 58. Nxa3 f3) 57. Nxa3 {Black keeps a firm grip on the game.} Kg5 {Black mates.} 58. Nc4 f4 59. Nd1 Kg4 60. Nd2 Rh8 61. Nf2+ Kg3 62. Ke2 Kg2 63. Nd3 Re8+ 64. Kd1 Kg3 65. Ne1 Kf2 66. Nef3 Ke3 67. Kc2 Ra8 68. Kd1 Ra2 69. Kc1 Ke2 70. Nd4+ Kd3 71. N4f3 Ra1+ 72. Kb2 Rd1 73. Nb3 Rf1 74. Nbd2 Rh1 75. Kb3 Rd1 76. Nc4 Rb1+ 77. Ka2 Rf1 78. Nce5+ Ke3 79. Ng5 Rg1 80. Ne6 Ke4 81. Nxf4 Kxe5 {[%mdl 4096] Endgame KR-KN} 82. Nd3+ Kd4 83. Nb4 Kc3 84. Nd5+ Kc4 85. Ne3+ Kd3 86. Nd5 Rg5 87. Nb4+ Kc3 88. Nc6 Rc5 89. Ne7 Ra5+ 90. Kb1 Rb5+ 91. Ka2 Kd4 92. Nc6+ Kd5 93. Ne7+ Kd6 94. Ng6 Rb4 95. Ka3 Rg4 96. Nf8 Ke7 97. Nh7 Rg7 {Av CentiPawn Loss W=-26/B=293. Weighted=-29/366} 0-1

[Event "GER-ch Youth U16 2020"]
[Site "Willingen"]
[Date "2020.10.21"]
[Round "3.11"]
[White "Mainka, Alwin"]
[Black "Lohr, Maximilian"]
[Result "1-0"]
[WhiteElo "1954"]
[BlackElo "2108"]
[Annotator "TA"]
[PlyCount "77"]
[EventDate "2020.10.20"]
[EventType "swiss"]
[EventRounds "7"]
[EventCountry "GER"]
[SourceTitle "playchess.com"]
[Source "ChessBase"]
[SourceQuality "1"]

{[%evp 19,77,14,17,-2,20,-5,7,15,22,-9,75,77,83,58,63,66,93,77,86,52,112,43,88,86,88,88,79,99,83,81,135,0,0,0,55,-31,71,68,13,0,0,0,0,0,0,-18,0,0,0,-4,0,0,0,0,0,0,29968,12848,6095,5303]} 1. e4 c5 2. Nf3 d6 3. d4 cxd4 4. Nxd4 Nf6 5. Nc3 a6 6. g3 e5 7. Nde2 Be7 8. Bg2 Nbd7 9. a4 {The main line 9.a4 scores better than 9.0-0.} b6 10. O-O Bb7 11. Be3 {B91: Sicilian Najdorf: 6 g3.} O-O 12. h3 Rc8 13. g4 {The position is equal.} Nc5 {[%cal Rc5e4]} 14. Ng3 Qc7 (14... g6 $11) 15. g5 $16 Ne8 16. h4 {[#]} g6 $146 ({Predecessor:} 16... Qd7 17. Nf5 Bd8 18. Nd5 Nxa4 19. Bh3 Kh8 20. Kg2 Nxb2 21. Qe2 Qc6 {0-1 (21) Azpiri Medina,L-Perez Perez,A Cuba 1999}) 17. Bh3 Rd8 18. Nd5 Bxd5 19. Qxd5 Ng7 (19... Qb8 $14) 20. h5 ({White should play} 20. Ne2 $16) 20... Nge6 21. hxg6 hxg6 22. b4 Nf4 23. Bxf4 $1 exf4 24. Ne2 Nd7 ({Black should try} 24... f3 25. Nf4 Rfe8) 25. Bxd7 (25. Nxf4 $16 Rfe8 26. Nxg6) 25... Qxd7 $11 26. f3 Rc8 (26... Qh3 $11) 27. c4 (27. Nxf4 $14 Rxc2 28. Nxg6) 27... a5 (27... Qh3 $15) 28. Nxf4 $16 axb4 (28... Rfd8 $14) 29. Nxg6 Rc5 $1 {[%cal Rc5d5]} 30. Nxe7+ ({But not} 30. Nxf8 $2 Qh3 $19) 30... Qxe7 31. Qd4 $1 Rfc8 ({Much worse is} 31... Qxg5+ $6 32. Kf2 $16) 32. Rac1 Qe5 (32... Qxg5+ {seems wilder.} 33. Kf2 Qh4+ 34. Ke2 Qh2+ 35. Rf2 Qf4) 33. Qxe5 dxe5 $11 {[%mdl 4096] Endgame KRR-KRR} 34. Rfd1 Kg7 35. Kf2 Rxc4 36. Rxc4 Rxc4 37. Rd5 Rc5 $2 {[%mdl 8192] [#]} (37... b3 $11 38. Rb5 {[%mdl 64] Double Attack} Kg6) 38. Rxc5 bxc5 39. Ke3 {Av CentiPawn Loss W=-77/B=197. Weighted=-72/24} 1-0

[Event "GER-ch Youth U16 2020"]
[Site "Willingen"]
[Date "2020.10.21"]
[Round "3.12"]
[White "Hommel, Niclas"]
[Black "Müller, Magnus"]
[Result "0-1"]
[WhiteElo "2047"]
[BlackElo "2030"]
[Annotator "TA"]
[PlyCount "79"]
[EventDate "2020.10.20"]
[EventType "swiss"]
[EventRounds "7"]
[EventCountry "GER"]
[SourceTitle "playchess.com"]
[Source "ChessBase"]
[SourceQuality "1"]

{[%evp 23,79,64,72,72,70,58,64,69,72,70,62,0,0,0,25,-32,0,-106,-34,-57,66,64,74,79,84,25,17,16,34,17,92,86,156,119,130,121,163,166,170,157,179,153,192,171,207,114,114,78,104,111,211,204,204,216,202,179,237,212]} 1. e4 c5 2. Nf3 Nc6 3. d4 cxd4 4. Nxd4 Nf6 5. Nc3 d6 6. Bg5 e6 7. Qd2 Be7 8. O-O-O Nxd4 9. Qxd4 O-O 10. h4 h6 11. f4 hxg5 12. hxg5 Ng4 13. Be2 {B65: Sicilian: Richter-Rauzer: 7...Be7 8 0-0-0 0-0 9 f4 Nxd4.} e5 14. Qg1 $1 exf4 15. Bxg4 $1 {[#] And now Qh2 would win.White is slightly better.} Bxg5 16. Bxc8 Rxc8 17. Qh2 ({Better is} 17. Kb1 $14) 17... Bh6 $11 {[#]} 18. Kb1 $146 ({Predecessor:} 18. e5 Rxc3 19. Rxd6 Qc7 20. Rxh6 Rxc2+ 21. Kb1 Rxb2+ 22. Ka1 gxh6 23. Qxh6 Rxa2+ 24. Kxa2 {0-1 (54) Coro,L (2147)-Larrea,M (2290) Montevideo 2018}) 18... Re8 (18... Rxc3 $5 19. bxc3 Qb6+ 20. Ka1 Qc6 $14) 19. Nb5 (19. Rd3 $11) 19... Re6 20. e5 (20. Qh3 $11) 20... d5 ({Black should try} 20... Qg5 $17 21. Nd4 (21. Nxd6 Rd8 $17) (21. Rxd6 Rxe5 22. Nc3 Rce8 $17) (21. Nxa7 Rd8 $17) 21... Rxe5) 21. Nd6 $15 ({Reject} 21. Nxa7 Rc5 $17) 21... Rxe5 (21... Rc7 $1 $15) 22. Nxc8 $14 Qxc8 23. Rhe1 $36 {[%mdl 2048] White is really pushing.} Re4 24. Qg1 (24. Qh4 $16 Qc6 25. Qd8+ Kh7 26. Qa5) 24... Qe6 $11 25. Rf1 b6 $1 26. Rf2 {[%mdl 1024] White has compensation.} Qf5 (26... g5 $11) 27. Rfd2 Rc4 (27... Re5 $142) 28. Rd3 Rc5 29. Qf2 Qe4 30. Re1 Qf5 31. a3 a5 32. Qf3 g5 33. g4 Qc8 34. c3 (34. Rxd5 $18 {Hoping for Rd2.} Bg7 35. Red1 Rxd5 36. Rxd5) 34... Bg7 $16 35. Red1 d4 36. cxd4 Rc4 (36... Rc6 $16) 37. Qe2 $18 {White is clearly better.} Qd7 {[#]} 38. d5 $1 Rc5 39. d6 {aiming for Qe7.} Rb5 (39... Re5 {keeps fighting.} 40. Qg2 Bf6) 40. R3d2 {[%mdl 32768] Av CentiPawn Loss W=-21/B=-27. Weighted=-21/-25. Loss on time!?} 0-1

[Event "GER-ch Youth U16 2020"]
[Site "Willingen"]
[Date "2020.10.22"]
[Round "4.2"]
[White "Kölle, Tobias"]
[Black "Pubantz, Jan"]
[Result "1/2-1/2"]
[WhiteElo "2323"]
[BlackElo "2295"]
[Annotator "TA"]
[PlyCount "86"]
[EventDate "2020.10.20"]
[EventType "swiss"]
[EventRounds "7"]
[EventCountry "GER"]
[SourceTitle "playchess.com"]
[Source "ChessBase"]
[SourceQuality "1"]

{[%evp 9,86,2,21,11,8,8,20,20,14,12,30,40,119,115,94,31,60,8,24,11,30,0,0,0,38,36,54,3,56,50,47,0,36,17,43,37,37,41,60,60,61,52,47,30,44,7,40,20,67,-16,67,59,62,-38,17,-2,0,-40,-44,-27,-30,-118,-42,-71,-14,-62,-62,-76,-34,-25,-3,-4,-3,-3,-2,-8,-8,-15,-8]} 1. d4 d5 2. c4 c6 3. cxd5 cxd5 4. Bg5 Nc6 5. Nc3 Bf5 6. e4 {D10: Slav Defence: 3 cxd5 (without early Nf3) and 3 Nc3.} dxe4 7. d5 {[#] Threatens to win with Qa4.} Ne5 8. Qa4+ Nd7 9. Nge2 {[#]} a6 $146 ({Predecessor:} 9... g6 10. Ng3 Bg7 11. Ngxe4 h6 12. Bh4 Qb6 13. Bb5 a6 14. O-O Rc8 15. Be2 g5 16. Bg3 Qd4 17. Qxd4 Bxd4 18. Rad1 {½-½ (18) Farago,I (2378)-Schneider,I (2513) Karlsruhe 2018}) 10. Ng3 b5 (10... h6 $14) 11. Qd4 $16 Bg6 12. Ncxe4 (12. a4 $16) 12... Qb6 13. Qd2 (13. Qxb6 $14 Nxb6 14. Nc5) 13... Ngf6 14. Nxf6+ Nxf6 15. Be2 Rd8 16. Bf3 e5 17. Rc1 Be7 18. Bxf6 (18. O-O $14) 18... Bxf6 (18... Qxf6 $11 19. O-O O-O) 19. O-O $1 $14 O-O 20. Qb4 Qd6 21. Qg4 Qd7 22. Qxd7 Rxd7 23. Rc6 Be7 24. Re1 Bd6 25. Rxa6 f5 26. Rc1 e4 27. Bd1 Be5 (27... f4 $5 {[%cal Rf4g3]} 28. Bg4 Rdd8 $14) 28. b4 f4 29. Nf1 ({White should play} 29. Re6 $14) 29... Rb8 (29... Bf7 $11) 30. Bg4 Rd6 31. Ra7 ({Better is} 31. Rcc6 $14 Rbd8 32. Be6+ Bf7 33. Rxd6 Bxd6 34. g3) 31... Bf7 (31... Bd4 $15 32. Rac7 Kf8) 32. Re7 Rxd5 33. Rc5 (33. Bd1 $5 {[%cal Rd1b3]} Bb2 34. Rb1 $11) 33... Rxc5 34. bxc5 Re8 35. Rb7 (35. Rxe8+ $11 Bxe8 36. Nd2) 35... Bxa2 (35... Be6 $17 36. Bxe6+ Rxe6) 36. Rxb5 Be6 (36... Bc4 $17 37. Rb4 Bd5) 37. Be2 Bd5 38. Rb1 Rc8 39. Rd1 Be6 ({Not} 39... Rxc5 $2 {[#]} 40. Rxd5 $1 {[%mdl 512]} Rxd5 41. Bc4 $18) 40. Nd2 {The position is equal.} Rxc5 {And now ...Bd5 would win.} 41. Nxe4 Rc8 42. Ng5 Bb3 43. Bg4 Ra8 {Av CentiPawn Loss W=-20/B=-20. Weighted=-20/-23} 1/2-1/2

[Event "GER-ch Youth U16 2020"]
[Site "Willingen"]
[Date "2020.10.22"]
[Round "4.3"]
[White "Fromm, Marius"]
[Black "Sulayev, Daniel"]
[Result "1-0"]
[WhiteElo "2190"]
[BlackElo "2193"]
[Annotator "TA"]
[PlyCount "57"]
[EventDate "2020.10.20"]
[EventType "swiss"]
[EventRounds "7"]
[EventCountry "GER"]
[SourceTitle "playchess.com"]
[Source "ChessBase"]
[SourceQuality "1"]

{[%evp 10,57,15,14,15,0,53,57,92,90,76,82,144,98,100,98,179,116,141,150,143,152,143,87,340,333,306,323,317,333,307,314,433,442,579,586,719,716,724,700,720,724,782,739,1359,1322,2785,2400,1819,1774]} 1. e4 c5 2. Nf3 Nc6 3. Bb5 e6 4. Bxc6 bxc6 5. d3 Ne7 6. h4 h5 {B30: Sicilian: 2...Nc6 3 Bb5, lines without ...g6.} 7. e5 Ng6 (7... f6 $11) 8. Nbd2 Qc7 {White is slightly better.} 9. Qe2 f6 {[%cal Rg6e5]} 10. Nc4 Be7 {[#]} (10... Ba6 $142) 11. b3 $146 ({Predecessor:} 11. Rh3 Ba6 12. Rg3 Kf7 13. exf6 gxf6 14. Qe4 Nf8 15. Bf4 Qb7 16. Nce5+ Ke8 17. O-O-O {1-0 (27) Tukaeva,A (1856)-Bedenko,N (1972) Samara 2016}) 11... O-O 12. Bb2 fxe5 (12... Ba6 $16) 13. g3 (13. Nfxe5 Nf4 $11) ({Worse is} 13. Bxe5 d6 $11) ({Better is} 13. Ng5 $1 $18 Nf4 14. Qf3) 13... d6 14. Ng5 Bxg5 15. hxg5 ({Stronger than} 15. Qxh5 Nxh4 $1 {[%mdl 512]} 16. Ke2 Qe7 $17) 15... h4 16. O-O-O (16. Qh5 $142 $1 {[%cal Rh5g6]} Qf7 17. f4) 16... Ba6 $2 {[%mdl 8192] This costs Black the game.} (16... Bd7 $16 {was necessary.}) 17. Qh5 $18 {[%mdl 64] Double Attack} Kf7 {[#]} 18. f4 $1 {[%cal Rf4e5]} ({Weaker is} 18. gxh4 Bxc4 19. dxc4 Rh8 $16) 18... Rh8 19. Qg4 Bxc4 20. dxc4 hxg3 {[#] aiming for ...Rxh1.} 21. f5 $1 {White is clearly winning.} Nf4 22. g6+ Ke7 {Strongly threatening ...Rxh1.} 23. Qg5+ Kd7 24. Rxh8 Rxh8 25. Bxe5 $1 {[%mdl 64] Double Attack} Ne2+ 26. Kb2 Kc8 27. Rxd6 Re8 28. fxe6 Nd4 29. Rxd4 {Av CentiPawn Loss W=-27/B=-84. Weighted=-18/-72} 1-0